Regeneration aid needed in poorest communities (Record no. 71661)

MARC details
000 -LEADER
fixed length control field 01236cam a2200205 4500
001 - CONTROL NUMBER
control field WB3844-19
008 - FIXED-LENGTH DATA ELEMENTS--GENERAL INFORMATION
fixed length control field 021128n2002 000 0 eng u
035 ## - SYSTEM CONTROL NUMBER
System control number (Sirsi) u120606
245 ## - TITLE STATEMENT
Title Regeneration aid needed in poorest communities
260 ## - PUBLICATION, DISTRIBUTION, ETC.
Date of publication, distribution, etc. 2002
490 ## - SERIES STATEMENT
Series statement ODPM News Release
Volume/sequential designation (130) 27 November 2002, (3)
520 ## - SUMMARY, ETC.
Summary, etc. Regeneration minister has urged European Union to reform state rules to aid most deprived communities. This is in response to publication of "The governments'response to the Transport, Local Government and the Regions Select Committee report - The need for a new European regeneration framework" which highlights failure to secure agreement to a framework, and criticises Partnership Investment Programme replacement schemes which are subject to range of financial and other restrictions making them of limited value. Select Committee report obtainable from t +44 (0)20 7944 4400 or downloadable from www.urban.odpm.gov.uk/publications/response/cm5688/index.htm ODPM News Release www.odpm.gov.uk/news/0211/0130.htm
590 ## - LOCAL NOTE (RLIN)
Local note WB
650 ## - SUBJECT ADDED ENTRY--TOPICAL TERM
Topical term or geographic name entry element GAP FUNDING
650 ## - SUBJECT ADDED ENTRY--TOPICAL TERM
Topical term or geographic name entry element EUROPEAN UNION
650 ## - SUBJECT ADDED ENTRY--TOPICAL TERM
Topical term or geographic name entry element PARTNERSHIP INVESTMENT PROGRAMME
650 ## - SUBJECT ADDED ENTRY--TOPICAL TERM
Topical term or geographic name entry element PIP
690 ## - LOCAL SUBJECT ADDED ENTRY--TOPICAL TERM (OCLC, RLIN)
Topical term or geographic name as entry element REGENERATION
942 ## - ADDED ENTRY ELEMENTS (KOHA)
Suppress in OPAC 0
Holdings
Withdrawn status Lost status Source of classification or shelving scheme Damaged status Not for loan Home library Current library Shelving location Date acquired Total Checkouts Full call number Barcode Date last seen Copy number Price effective from Koha item type
    Dewey Decimal Classification     London London News article 28/11/2002   WB3844-19 120606-1001 06/08/2019 1 06/08/2019 News article